[Event "Shamsher Ali op (Women) 3rd"]
[Site "Dhaka"]
[Date "2018.03.06"]
[Round "5"]
[White "Shahana, Sultana"]
[Black "Israt, Jahan Diba"]
[Result "0-1"]
[WhiteElo "1159"]
[BlackElo "1398"]
[PlyCount "122"]
[EventDate "2018.03.02"]
[EventType "swiss"]
[EventRounds "7"]
[EventCountry "BAN"]
[SourceTitle "EXT 2020"]
[Source "ChessBase"]
[SourceDate "2019.10.17"]
[SourceVersion "1"]
[SourceVersionDate "2019.10.17"]
[SourceQuality "1"]

1. e4 e5 2. Nf3 Nc6 3. Nc3 Bc5 4. d3 d6 5. a3 a6 6. h3 h6 7. Be2 Nf6 8. 0-0 0-0 9. b4 Ba7 10. Rb1 Nd4 11. Nxd4 Bxd4 12. Bb2 c6 13. Bf3 d5 14. exd5 cxd5 15. Ne2 Bxb2 16. Rxb2 e4 17. dxe4 dxe4 18. Qxd8 Rxd8 19. Bg4 Nxg4 20. hxg4 Bxg4 21. Ng3 Re8 22. Rb3 Rac8 23. Rc1 Be6 24. Re3 Bd5 25. Rd1 Bc6 26. c4 Re6 27. Rd4 Rce8 28. Nf5 Rf6 29. Nd6 Rd8 30. c5 b6 31. Rd2 bxc5 32. bxc5 Re6 33. Rd4 Re5 34. Rc4 f6 35. Nxe4 Bxe4 36. Rexe4 Rxe4 37. Rxe4 Rc8 38. Rc4 Kf7 39. f3 Ke6 40. Kf2 Kd5 41. Rg4 g5 42. Ke3 Rxc5 43. f4 Rc3+ 44. Kd2 Rxa3 45. fxg5 hxg5 46. Rb4 Kc5 47. Rb7 Ra2+ 48. Kc3 Rxg2 49. Rc7+ Kb6 50. Rf7 Rf2 51. Kd4 a5 52. Kc3 g4 53. Rg7 Rf3+ 54. Kb2 g3 55. Kc2 a4 56. Kd2 a3 57. Ke2 Rf2+ 58. Ke3 a2 59. Rxg3 Rf1 60. Ke2 a1Q 61. Rb3+ Kc5 0-1

[Event "Dhaka Shamsher Ali Cup 3rd"]
[Site "Dhaka"]
[Date "2018.03.02"]
[Round "1"]
[White "Jahanara, Haque"]
[Black "Shahana, Sultana"]
[Result "1-0"]
[WhiteElo "1755"]
[BlackElo "1159"]
[PlyCount "85"]
[EventDate "2018.03.02"]
[EventType "swiss"]
[EventRounds "7"]
[EventCountry "BAN"]
[SourceTitle "EXT 2019"]
[Source "ChessBase"]
[SourceDate "2018.10.10"]
[SourceVersion "1"]
[SourceVersionDate "2018.10.10"]
[SourceQuality "1"]

1. d4 d5 2. c4 Nf6 3. Nc3 e6 4. Bg5 Be7 5. e3 h6 6. Bxf6 Bxf6 7. Nf3 Nc6 8. Be2 0-0 9. 0-0 a6 10. Rc1 dxc4 11. Bxc4 b5 12. Be2 Bb7 13. a3 Ne7 14. h3 Bxf3 15. Bxf3 c6 16. Ne4 Rc8 17. Nxf6+ gxf6 18. Bh5 f5 19. Rc5 Ng6 20. Qc2 Qg5 21. Bxg6 Qxg6 22. Rxc6 Rxc6 23. Qxc6 Kh7 24. Qxa6 Rg8 25. g3 Qh5 26. h4 Qe2 27. b4 f4 28. exf4 Qe4 29. Qxb5 Qxd4 30. Qe5 Qd8 31. Qh5 Qf6 32. Kh2 Qb2 33. Qxf7+ Rg7 34. Qxe6 Qxa3 35. Qe4+ Kh8 36. Rd1 Qa7 37. Rd8+ Rg8 38. Qe5+ Kh7 39. Qf5+ Kh8 40. Rxg8+ Kxg8 41. Qc5 Qb7 42. b5 Kf7 43. b6 1-0